| 000 | 00680nam a2200181 i 4500 | ||
|---|---|---|---|
| 001 | 44062 | ||
| 003 | ES-MaACL | ||
| 005 | 20230906160939.0 | ||
| 007 | t| | ||
| 008 | 030320s1912 sp ||||1| spa d | ||
| 100 | 1 |
_aCazurro, Manuel. _937257 |
|
| 245 | 1 | 4 |
_aLos monumentos megalíticos de la provincia de Gerona / _cManuel Cazurro. |
| 260 |
_aMadrid : _b[s.n., _c1912] ( _fImp. Fortanet) |
||
| 300 |
_a84 p., 36 lám., 1 map. pleg. : _bil. ; _c24 cm. |
||
| 500 | _aPrecede al tít.: Junta para la Ampliación de Estudios e Investigaciones Científicas, Centro de Estudios Históricos. | ||
| 710 | 2 |
_aCentro de Estudios Históricos (1910-1939) _92638 |
|
| 852 |
_aES-MaACL _jF-8316 |
||
| 999 |
_c44062 _d44062 |
||